Noi, gli adolescenti belli e fragili (Record no. 210326)

MARC details
000 -LEADER
campo di controllo lung. fissa 01526nam a2200229Ia 4500
001 - Numero di controllo
campo di controllo b6694-47831
003 - Identificatore del numero di controllo
campo di controllo IT-MiCISF
005 - Data e orario dell'ultima transazione
campo di controllo 20240718122738.0
008 - Elementi di lunghezza fissa--Informazione generale
campo di controllo lung. fissa 161014s9999||||xx |||||||||||||| ||und||
040 ## - Fonte della catalogazione
Agenzia catalografica originale IT-MiCISF
Agenzia che fa la trascrizione IT-MiCISF
041 ## - Codice di lingua
Codice di lingua del testo/traccia sonora o titolo separato it
100 ## - Accesso principale -- nome di persona
Nome di persona De Vanna Umberto
9 (RLIN) 60934
245 #0 - Formulazione del titolo
Titolo Noi, gli adolescenti belli e fragili
260 ## - Pubblicazione, distribuzione, ecc. (stampa)
Luogo di pubblicazione, distribuzione, ecc. Leumann (TO),
Nome dell'editore, distributore, ecc. Elledici,
Data di pubblicazione, distribuzione, ecc. 2009
300 ## - Descrizione fisica
Estensione pp. 144
500 ## - Nota generale
Nota generale adolescenza, formazione-personalità, spiritualità, amicizia, fede, educazione, famiglia, pastorale-giovanile
520 ## - Riassunto, ecc.
Nota di riassunto, ecc. Gli adolescenti di oggi, secondo come li descrive l'A., sono ragazzi che gli adulti fanno fatica ad accettare per il loro modo di vivere e di esprimersi, non riuscendo sempre a capire il loro disagio. In questo libro, è possibile trovare molto di loro, dei loro anni e delle loro amicizie, di che cosa pensano della famiglia e dell'amore; ma anche qualcosa dei loro pensieri più seriosi, come la fede e la preghiera. Un libro che non ha nulla di catechistico, anche se cita in ogni capitolo qualche passaggio del Catechismo dei Giovani. Però è perfettamente in linea con i loro pensieri, quelli che frullavano nella loro testa prima della Cresima. Anche per loro, leggerlo insieme o da soli, non sarà un ripasso di cose già sentite, ma un guardarsi allo specchio, prendere nelle loro mani la vita. Dono ideale per i ragazzi che ricevono il sacramento della Cresima.
650 ## - Accesso aggiunto di soggetto--termine topico
Termine topico o nome geografico come accesso Età-evolutiva
Termine di ruolo 009
654 ## - Accesso aggiunto di soggetto--termini topici faccettati
Termine principale saggio
942 ## - Dati aggiuntivi (Koha)
Tipo copia default (Koha) LIBRO
Fonte della classificazione o dello schema di collocazione (segnatura) Dewey Decimal Classification
999 ## - Sys Number locale (Koha)
Koha Dewey Subclass [OBSOLETE] si
Holdings
Ritirato (status) Perso (status) Danneggiato (status) Non per il presito Biblioteca proprietaria Biblioteca in cui si trova Data d'acquisizione Totale prestiti Collocazione Data ultima operazione Prezzo in vigore dal Tipo copia default (Koha) Nota pubblica
    Buone Condizioni Not For Loan CISF - Milano CISF - Milano 14/10/2016   b6694-47831 14/10/2016 14/10/2016 LIBRO Data import 15.10.2016 / by Epidotti, Vaglietti
CREDITS: SOCIETA' SAN PAOLO Via A.Severo, 58 - ROMA (RM) & PERIODICI SAN PAOLO SRL Via Giotto, 36 MILANO & CISF Via Giotto, 36 MILANO & EDIZIONI SAN PAOLO SRL,  Piazza Soncino, 5 CINISELLO BALSAMO (MI) -- ITALY